Moral de discernimiento

Sparad:
Bibliografiska uppgifter
Huvudupphovsman: Mifsud, Tony, S. J. (autor)
Materialtyp: Bok
Språk:spanska
Publicerad: Santiago San Pablo 1994
Upplaga:5a. ed
Ämnen:
Taggar: Lägg till en tagg
Inga taggar, Lägg till första taggen!

MARC

LEADER 00000nam a2200000 a 4500
001 UCK2315
003 CL-VaPUC
005 20231030161456.0
008 041229e19940000CL |||||||||||||||||spa|d
999 |c 311897  |d 311895 
020 |a 9562563588v.1 
020 |a 9562561259v.2 
020 |a 9562561631v.3 
020 |a 9562563952v.4 
040 |c Pontificia Universidad Católica de Valparaíso 
082 0 4 |a 241  |b MIF  |2 21 
100 |a Mifsud, Tony,  |c S. J.  |e autor  |9 600778 
245 1 0 |a Moral de discernimiento 
250 |a 5a. ed 
260 |a Santiago  |b San Pablo  |c 1994 
300 |a v 
500 |a v.1: Libres para amar: moral fundamental 
500 |a v.2: El respeto por la vida humana. Bioética 
500 |a v.3: Una reivindicación ética de la sexualidad 
583 |a last modification  |c 20150328 01:49:40  |k Rodrigo Vera 
650 0 |a Teología moral   |9 256617 
650 0 |a Bioética  |9 256117 
650 0 |a Etica cristiana  |9 223025 
942 |c BK  |2 ddc 
945 |d 20041229 00:00:00  |a cmena 
952 |0 0  |1 0  |4 0  |6 241_000000000000000_MIF_1994  |7 0  |8 A  |9 381599  |a BIBTEO  |b BIBTEO  |d 2019-11-21  |h v.1  |i 408487K  |o 241 MIF 1994  |p 408487K  |r 2025-01-17  |w 2019-11-21  |y BK  |k ICR 
952 |0 0  |1 0  |4 0  |6 241_000000000000000_MIF_1994  |7 0  |8 A  |9 381600  |a BIBTEO  |b BIBTEO  |d 2019-11-21  |h v.2  |i 4084888  |o 241 MIF 1994  |p 4084888  |r 2025-01-17  |w 2019-11-21  |y BK  |k ICR 
952 |0 0  |1 0  |4 0  |6 241_000000000000000_MIF_1994  |7 0  |8 A  |9 381601  |a BIBTEO  |b BIBTEO  |d 2019-11-21  |h v.3  |i 4084896  |o 241 MIF 1994  |p 4084896  |r 2025-01-17  |w 2019-11-21  |y BK  |k ICR 
952 |0 0  |1 0  |4 0  |6 241_000000000000000_MIF_1994  |7 0  |8 A  |9 381602  |a BIBTEO  |b BIBTEO  |d 2019-11-21  |h v.1  |i 418131K  |l 1  |o 241 MIF 1994  |p 418131K  |r 2025-01-17  |s 2023-06-30  |w 2019-11-21  |y BK  |k ICR 
952 |0 0  |1 0  |4 0  |6 241_000000000000000_MIF_1994  |7 0  |8 A  |9 381603  |a BIBTEO  |b BIBTEO  |d 2019-11-21  |h v.2  |i 4181301  |o 241 MIF 1994  |p 4181301  |r 2025-01-17  |w 2019-11-21  |y BK  |k ICR 
952 |0 0  |1 0  |4 0  |6 241_000000000000000_MIF_1994  |7 0  |8 A  |9 381604  |a BIBTEO  |b BIBTEO  |d 2019-11-21  |h v.3  |i 4181328  |o 241 MIF 1994  |p 4181328  |r 2025-01-17  |w 2019-11-21  |y BK  |k ICR 
952 |0 0  |1 0  |4 0  |6 241_000000000000000_MIF_1994  |7 0  |8 A  |9 381605  |a BIBTEO  |b BIBTEO  |d 2019-11-21  |h v.1  |i 4245482  |o 241 MIF 1994  |p 4245482  |r 2025-01-17  |w 2019-11-21  |y BK  |k ICR 
952 |0 0  |1 0  |4 0  |6 241_000000000000000_MIF_1994  |7 0  |8 A  |9 381606  |a BIBTEO  |b BIBTEO  |d 2019-11-21  |h v.1  |i 4245490  |o 241 MIF 1994  |p 4245490  |r 2025-01-17  |w 2019-11-21  |y BK  |k ICR 
952 |0 0  |1 0  |4 0  |6 241_000000000000000_MIF_1994  |7 0  |8 A  |9 381607  |a BIBTEO  |b BIBTEO  |d 2019-11-21  |h v.2  |i 4245466  |o 241 MIF 1994  |p 4245466  |r 2025-01-17  |w 2019-11-21  |y BK  |k ICR 
952 |0 0  |1 0  |4 0  |6 241_000000000000000_MIF_1994  |7 0  |8 A  |9 381608  |a BIBTEO  |b BIBTEO  |d 2019-11-21  |h v.2  |i 4245474  |o 241 MIF 1994  |p 4245474  |r 2025-01-17  |w 2019-11-21  |y BK  |k ICR 
952 |0 0  |1 0  |4 0  |6 241_000000000000000_MIF_1994  |7 0  |8 A  |9 381609  |a BIBTEO  |b BIBTEO  |d 2019-11-21  |h v.3  |i 424544K  |o 241 MIF 1994  |p 424544K  |r 2025-01-17  |w 2019-11-21  |y BK  |k ICR 
952 |0 0  |1 0  |4 0  |6 241_000000000000000_MIF_1994  |7 0  |8 A  |9 381610  |a BIBTEO  |b BIBTEO  |d 2019-11-21  |h v.3  |i 4245458  |o 241 MIF 1994  |p 4245458  |r 2025-01-17  |w 2019-11-21  |y BK  |k ICR 
952 |0 0  |1 0  |4 0  |6 241_000000000000000_MIF_1994  |7 0  |8 A  |9 381611  |a BIBTEO  |b BIBTEO  |d 2019-11-21  |h v.4  |i 4245423  |o 241 MIF 1994  |p 4245423  |r 2025-01-17  |w 2019-11-21  |y BK  |k ICR 
952 |0 0  |1 0  |4 0  |6 241_000000000000000_MIF_1994  |7 0  |8 A  |9 381612  |a BIBTEO  |b BIBTEO  |d 2019-11-21  |h v.4  |i 4245431  |l 19  |m 19  |o 241 MIF 1994  |p 4245431  |r 2025-01-17  |s 2022-07-01  |w 2019-11-21  |y BK  |k ICR 
952 |0 0  |1 0  |4 0  |6 241_000000000000000_MIF_1994  |7 0  |8 A  |9 381613  |a BIBTEO  |b BIBTEO  |d 2019-11-21  |h v.4  |i 4295412  |o 241 MIF 1994  |p 4295412  |r 2025-01-17  |w 2019-11-21  |y BK  |k ICR 
952 |0 0  |1 0  |4 0  |6 241_000000000000000_MIF_1994  |7 0  |8 A  |9 381614  |a BIBTEO  |b BIBTEO  |d 2019-11-21  |h v.1  |i 4447751  |o 241 MIF 1994  |p 4447751  |r 2025-01-17  |w 2019-11-21  |y BK  |k ICR